000 00683pam a2200229 a 4500
001 2485370
005 20180306092122.0
008 910412s1992 nyua b 001 0 eng
010 _a 91000691
020 _a0024187100
040 _aDLC
_cDLC
_dDLC
041 _aeng
080 _a320 SUS
082 0 0 _a320 SUS
_220
100 1 _a22
101 _aPOL
245 1 0 _aApproaches to the study of politics /
_cBernard Susser.
504 _aIncludes bibliographical references and index.
906 _a7
_bcbc
_corignew
_d1
_eocip
_f19
_gy-gencatlg
942 _2ddc
_cBK
999 _c44225
_d44225